Online Catalogue and eLibrary

Historicism (Record no. 3052)

MARC details
000 -LEADER
fixed length control field 00407nam a2200181Ia 4500
005 - DATE AND TIME OF LATEST TRANSACTION
control field 20240909033436.0
008 - FIXED-LENGTH DATA ELEMENTS--GENERAL INFORMATION
fixed length control field 240331s9999 xx 000 0 und d
020 ## - INTERNATIONAL STANDARD BOOK NUMBER
ISBN 0415110513
082 ## - DDC Classification
Item Number - Author Mark HAM
Class No. 700
100 ## - MAIN ENTRY--PERSONAL NAME
Personal name Hamilton, P
245 #0 - TITLE STATEMENT
Title Historicism
260 ## - PUBLICATION, DISTRIBUTION, ETC.
Place of publication, distribution, etc. London
Name of publisher, distributor, etc. Routledge
Date of publication, distribution, etc. 1996
300 ## - PHYSICAL DESCRIPTION
Extent (e.g. Volumes, Pages etc.) vi, 226 p .,
650 ## - SUBJECT ADDED ENTRY--TOPICAL TERM
Topical term or geographic name entry element History
650 ## - SUBJECT ADDED ENTRY--TOPICAL TERM
Topical term or geographic name entry element Feminism
650 ## - SUBJECT ADDED ENTRY--TOPICAL TERM
Topical term or geographic name entry element Terminology
942 ## - Koha item type (Biblio)
Koha item type Books in Stacks (Lending)
Holdings
Lost status Damaged status Collection code Home library Current library Shelving location Date acquired Full call number Accession Number Item type
    Lending WERC Library WERC Library Social Science Cupboard 03/31/2024 700 HAM 2684 Books in Stacks (Lending)

© WERC Library